000 00658nam a2200169 a 4500
008 210401s2000 ||||||||||||||||| || u
020 _a9780767411394
050 _aLB 2369 Man
100 _aManer, Martin
245 1 4 _aThe research process : a complete guide and reference for writers (Second edition)
_cBy Martin Maner
250 _aSecond edition
260 _aNew York
_bMcGraw-Hill Higher Education
_c2000
300 _axx, 386 pages
650 0 _aREPORT WRITING
650 0 _aRESEARCH
995 _D32.86
_FCBU-MAIN LIBRARY (Kitwe)
_M1
_UAVAILABLE
_WApr 7, 2021
_ZMain Library Open Access Collection
999 _c56331
_d56331